000 00719nam a2200229Ia 4500
001 17103
003 GE_BSU
008 181216s||||||||xx |||||||||||||| ||und||
040 _cGE_BSU
080 _a821.353.1-32
100 _aასათიანი, მამია
245 _aშიშველი ხმალი
245 _bმოთხრობები
245 _cრედ.დ.მჭედლიშვილი
260 _aთბილისი
260 _bლიტერატურა და ხელოვნება
260 _c1964
300 _a479გვ. ; 20სმ
653 _aმოთხრობები
653 _aშიშველი ხმალი
942 _cBK
999 _c50165
_d50165